Vývoj základných zložiek sociálnej oblasti. 2.

Výdavky na rekvalifikáciu. Vývoj v zdravotníctve. Valorizácia výdavkov. Kroky k liberálnemu modelu zdravotníctva. Zrušenie monopolu štátu. Prechod na viaczdrojové financovanie. Zmeny vo financovaní bytovej výstavby. Úprava nájomného. Úprava úľav v doprave. Zmeny vo výdavkoch na odvetvie školstva a k...

Descrizione completa

Salvato in:
Dettagli Bibliografici
Autore principale: Daneková, Z.
Altri autori: Pilková, J.
Natura: Capitolo di libro
Lingua:slovacco
Soggetti:
Tags: Aggiungi Tag
Nessun Tag, puoi essere il primo ad aggiungerne!!

MARC

LEADER 00000naa a2200000 4500
001 r009361
005 20220831084744.1
041 0 |a slo 
044 |a [CS] 
245 1 0 |a Vývoj základných zložiek sociálnej oblasti. 2.  |c Z. Daneková, J. Pilková 
520 |a Výdavky na rekvalifikáciu. Vývoj v zdravotníctve. Valorizácia výdavkov. Kroky k liberálnemu modelu zdravotníctva. Zrušenie monopolu štátu. Prechod na viaczdrojové financovanie. Zmeny vo financovaní bytovej výstavby. Úprava nájomného. Úprava úľav v doprave. Zmeny vo výdavkoch na odvetvie školstva a kultúry. 
610 2 0 |a politika sociálna 
610 2 0 |a ČSFR 
610 2 0 |a rekvalifikácia 
610 2 0 |a zdravotníctvo 
610 2 0 |a výdavky rozpočtu štátneho 
610 2 0 |a financovanie 
610 2 0 |a výstavba bytová 
610 2 0 |a nájomné 
610 2 0 |a doprava 
610 2 0 |a školstvo 
610 2 0 |a kultúra 
100 1 |a Daneková, Z. 
700 1 |a Pilková, J.